00585cam a2200181 a 450000100100000000500170001000800410002702000150006804000230008308200220010610000320012824500900016026000340025030000210028465000360030565000250034170000370036600000274920200929150241.0840815s1981 sp 000 0 spa  a8485823117 aDO-SdBNPcDLCdDLC aAr861.08bG216ó1 aGarcía Saraví, Gustavo.10aObras completas /cGustavo García Saraví ; edición de Sara M. Parkinson de Saz. aMadrid :bEmpeño 14,c1981. a781 p. ;c21 cm. 4aPoesía argentinaxColecciones 4aLiteratura argentina1 aParkinson de Sanz, Sara M.,eed.